Porovnanie motorových vozidiel s rôznymi zdrojmi energie určenej na pohyb z hľadiska jej spotreby

Gespeichert in:
Bibliographische Detailangaben
1. Verfasser: Lenčéš, Jakub (Verfasst von)
Weitere Verfasser: Milesich, Tomáš (Betreuung Doktorarbeit)
Format: Manuskript Buch
Sprache:Slowakisch
Veröffentlicht: 2020
Schlagworte:
Online-Zugang:http://is.stuba.sk/zp/portal_zp.pl?podrobnosti=152455
Tags: Tag hinzufügen
Keine Tags, Fügen Sie das erste Tag hinzu!

MARC

LEADER 00000ntm a22000003a 4500
001 stuzp81420
003 SK-STU
005 20200711211137.6
007 ta
008 150427s2015----xo-----f-mn---000-0-slo-d
040 |a STU  |b slo 
041 0 |a slo 
100 1 |a Lenčéš, Jakub  |u 020030  |4 aut  |U SjF Strojnícka fakulta  |T SjF Ústav dopravnej techniky a konštruovania  |X 87557  |U J0030  |Y 806  |7 87557 
242 0 1 |a Comparison of motor vehicles with different sources of energy in terms of its consumption  |y eng 
245 1 0 |a Porovnanie motorových vozidiel s rôznymi zdrojmi energie určenej na pohyb z hľadiska jej spotreby 
260 |c 2020 
650 4 |a driving cycle  |2 eng 
650 4 |a energy  |2 eng 
650 4 |a consumption  |2 eng 
650 4 |a emission  |2 eng 
650 4 |a energia  |2 slo 
650 4 |a emisie  |2 slo 
650 4 |a spotreba  |2 slo 
650 4 |a jazdný cyklus  |2 slo 
700 1 |a Milesich, Tomáš  |u 020030  |k Z2  |4 ths  |U SjF Strojnícka fakulta  |T SjF Ústav dopravnej techniky a konštruovania  |X 49630  |U J0030  |Y 806  |7 A000049630 
856 4 |u http://is.stuba.sk/zp/portal_zp.pl?podrobnosti=152455